01553nam a2200349 i 4500001001000000003000900010005001700019007000300036008004100039020001500080040003000095049000900125082003100134100004000165245006300205264003600268300004500304336002700349337003400376338002700410490003700437500030800474500002100782504005400803590002600857600007400883650004500957910004801002942001401050952012401064999001501188000004751DO-SdBNP20230906112926.0ta090709s2003 dr a 000 0dspa d a9993461628 aDO-SdBNPbspacBNPHUerda aBNPD 4a923.17293bT866g, 20032221 aGómez, José Miguel,9380eautor10aTrujillo visto por un psiquiatra /cJosé Miguel Gómez. aSanto Domingo :bBúho,c2003. a239 páginas :bilustraciones ;c23 cm. 2rdacontentatextobtxt 2rdamediaasin mediaciónbnc 2rdacarrieravolumenbn aBiblioteca José Miguel Gómez aDedicatoria : "A los que conocieron a Trujillo y no lo entendieron. A los que creyeron conocerlo y lo justificaron. A los que desean conocerlo, sin juzgarlo y sin justificarlo. A las presentes y futuras generaciones para que no copien este modelo de referencia social no sano, y menos, digno de imitar"  aIncluye índice aIncluye referencias bibliográficas (p. 233-239) aInventariado, 2023/BT14aTrujillo Molina, Rafael Leónidas, d1891-1961xPersonalidad 910815 4aPresidenteszRepública Dominicana9599 aBtavárez/Validado. Control de calidad MFF 2ddccLBS1 00102ddc51708PDaBNPHUbBNPHUcHDd2009-07-25oBNPHU PD 923.17293 T866g 2003p4751-10r2020-06-25w2020-06-25yLBS1 c4557d4557